000 00599nam a22001457a 4500
003 MACL
005 20230129124619.0
008 210307b xxu||||| |||| 00| 0 eng d
040 _cMACL
100 _aअरिहंत प्रकाशन
_980938
245 _aMPPSC राज्‍य सेवा प्रारम्भिक परीक्षा मैनुअल सामान्‍य अध्‍ययन पेपर-1
260 _aमेरठ
_bअरिहंत प्रकाशन
_c2021
650 _aसामान्‍य अध्‍ययन
_9178
942 _2ddc
_cHIN
999 _c64149
_d64149